| 000 | 01260cam a2200361 i 4500 | ||
|---|---|---|---|
| 001 | 41834 | ||
| 003 | Mx-PuUPA | ||
| 005 | 20250618114542.0 | ||
| 008 | 140415s2002 sp gr 001 0 spa d | ||
| 017 | _aM. 17523-2002 | ||
| 020 | _a8495311968 | ||
| 040 |
_cMx-PuUPA _aMx-PuUPA _bspa _dMx-PuUPA _erda |
||
| 041 | 1 |
_aspa _hger |
|
| 100 | 1 |
_aNietzsche, Friedrich Wilhelm, _d1844-1900 _97860 _eautor |
|
| 240 | 1 | 0 |
_aMenschliches, Allzumenschliches. _lEspañol |
| 245 | 1 |
_aHumano, demasiado humano / _cFriedich Nietzsche ; traducción, Julio Loya |
|
| 264 | 1 |
_aMadrid, España : _bJorge A. Mestas, Ediciones Escolares, _c2002 |
|
| 300 |
_a347 páginas; _c19 cm |
||
| 336 |
_2rdacontent _atexto _btxt |
||
| 337 |
_2rdamedia _asin medio _bn |
||
| 338 |
_2rdacarrier _avolumen _bnc |
||
| 490 | 0 |
_aClásicos Universales ; _v86 |
|
| 600 | 1 | 4 |
_aNietzche, Friedrich Wilhelm _y1844-1900 |
| 650 | 7 |
_2armarc _aSeres humanos |
|
| 650 | 7 |
_2armarc _aHombre |
|
| 650 | 7 |
_2armarc _aFilosofía _xHistoria |
|
| 700 | 1 |
_aLoya, Julio, _etraductor |
|
| 765 | 0 |
_aNietzche, Friedrich _tMenschliches, Allzumenschliches _d1878 |
|
| 942 |
_2ddc _cLI _h128 _iN6618 |
||
| 999 |
_c41834 _d41834 |
||